000 01025cam a2200265 i 4500
005 20171115091118.0
008 171115s2017 enk b 000 0 eng d
010 _a 2016039738
020 _a9781138919594
020 _z9781315687803
040 _aCO-BoUCM
_bspa
_cSandra Palacio
_dSandra Palacio
041 0 _aeng
245 0 4 _aThe Routledge companion to production and operations management
_ceditado por Martin K. Starr y Sushil K. Gupta
246 3 0 _aCompanion to production and operations management
260 _aNueva York (Estados Unidos)
_bRoutledge
_c2017
300 _alvi, 711 páginas
490 0 _aOperations management
650 1 7 _aGestión de la producción
_916411
650 2 7 _aInvestigación de operaciones
_917987
650 2 7 _aGestion industrial
_916423
700 1 _aStarr, Martin K.
_q(Martin Kenneth)
_d1927-
_eeditor
_988947
700 1 _aGupta, Sushil
_c(Business scholar)
_eeditor
_988948
942 _2DEWEY
_cLIBRORESER
_a16
_e1
_h658.5
_mR869ro
999 _c307853
_d307853